[Event "Nezhmetdinov Memorial 32nd"]
[Site "Kazan"]
[Date "2010.06.04"]
[Round "5"]
[White "Ivanov, Stepan"]
[Black "Vasenev, Sergey"]
[Result "1/2-1/2"]
[WhiteElo "2099"]
[BlackElo "2284"]
[PlyCount "75"]
[EventDate "2010.05.31"]
[EventType "swiss"]
[EventRounds "9"]
[EventCountry "RUS"]
[SourceTitle "CBM 136 Extra"]
[Source "ChessBase"]
[SourceDate "2010.07.02"]
[SourceVersion "2"]
[SourceVersionDate "2010.07.15"]
[SourceQuality "1"]

1. d4 c5 2. e3 Nf6 3. Nf3 g6 4. b3 Bg7 5. Bb2 0-0 6. Nbd2 Nc6 7. Bd3 b6 8. 0-0 d6 9. c4 a5 10. d5 Nb4 11. Bb1 e6 12. e4 e5 13. Ne1 Bg4 14. f3 Bd7 15. a3 Na6 16. Nd3 Nh5 17. f4 Nxf4 18. Nxf4 exf4 19. Bxg7 Kxg7 20. Rxf4 Qg5 21. Rf2 Rae8 22. Nf3 Qe3 23. Raa2 Bg4 24. Rae2 Qc3 25. Qc2 Qa1 26. Qb2+ Qxb2 27. Rxb2 Bxf3 28. Rxf3 Re7 29. Rbf2 f6 30. Rb2 Ra7 31. Rg3 Nb8 32. b4 cxb4 33. axb4 axb4 34. Rxb4 Nd7 35. h4 Rfa8 36. h5 g5 37. e5 Nxe5 38. Rxb6 1/2-1/2

[Event "Nezhmetdinov Memorial 32nd"]
[Site "Kazan"]
[Date "2010.06.03"]
[Round "4"]
[White "Vasenev, Sergey"]
[Black "Ulanov, Sergei"]
[Result "0-1"]
[WhiteElo "2284"]
[BlackElo "2145"]
[PlyCount "110"]
[EventDate "2010.05.31"]
[EventType "swiss"]
[EventRounds "9"]
[EventCountry "RUS"]
[SourceTitle "CBM 136 Extra"]
[Source "ChessBase"]
[SourceDate "2010.07.02"]
[SourceVersion "2"]
[SourceVersionDate "2010.07.15"]
[SourceQuality "1"]

1. d4 d5 2. Nf3 Nf6 3. c4 e6 4. e3 Be7 5. Bd3 0-0 6. 0-0 c5 7. dxc5 Bxc5 8. a3 Nc6 9. b4 Be7 10. Bb2 a6 11. Qc2 h6 12. Rd1 Bd7 13. Nbd2 Rc8 14. Qb3 dxc4 15. Nxc4 Qc7 16. Rac1 Rfd8 17. e4 Be8 18. e5 Nd5 19. Bb1 b5 20. Qc2 g6 21. Ncd2 a5 22. bxa5 Qxa5 23. Qb3 Qa4 24. Qd3 Na5 25. Bc2 Qg4 26. Qe4 Nf4 27. g3 Rxc2 28. Rxc2 Rxd2 29. Nxd2 Qxd1+ 30. Nf1 Nh3+ 31. Kg2 Ng5 32. Ne3 Nxe4 33. Nxd1 Nc4 34. a4 Nxb2 35. Nxb2 Nc5 36. axb5 Bxb5 37. h4 g5 38. hxg5 hxg5 39. Kf3 Kg7 40. Kg4 Kg6 41. f4 Bc6 42. Nc4 Ba4 43. Rd2 Ne4 44. Rd4 Bd1+ 45. Kh3 Bf3 46. Nd2 Nf2+ 47. Kh2 Bd5 48. Ra4 Bc5 49. Nc4 Ne4 50. Nb2 gxf4 51. gxf4 Kf5 52. Nd3 Be3 53. Kh3 Bxf4 54. Nxf4 Kxf4 55. Ra7 Kxe5 0-1

[Event "Privolzhskogo FO-ch"]
[Site "Kazan"]
[Date "2009.01.26"]
[Round "6"]
[White "Vasenev, Sergey"]
[Black "Abdullin, Renat"]
[Result "1-0"]
[WhiteElo "2312"]
[BlackElo "2131"]
[PlyCount "75"]
[EventDate "2009.01.21"]
[EventType "swiss"]
[EventRounds "9"]
[EventCountry "RUS"]
[SourceTitle "EXT 2010"]
[Source "ChessBase"]
[SourceDate "2010.11.25"]
[SourceVersion "1"]
[SourceVersionDate "2010.11.25"]
[SourceQuality "1"]

1. e4 c5 2. c3 Nf6 3. e5 Nd5 4. d4 cxd4 5. Nf3 e6 6. cxd4 d6 7. Nc3 Nxc3 8. bxc3 Nc6 9. exd6 Bxd6 10. Bd3 Qa5 11. Bd2 0-0 12. Rb1 e5 13. Rb5 Qc7 14. Nxe5 Bxe5 15. dxe5 Nxe5 16. Bxh7+ Kxh7 17. Qh5+ Kg8 18. Qxe5 Qc4 19. Rb4 Qxa2 20. Bc1 Bg4 21. 0-0 Rfe8 22. Qg3 Be2 23. Bh6 g6 24. Qh4 Qd5 25. Rc1 Rad8 26. h3 b5 27. Rd4 Qh5 28. Rxd8 Qxh4 29. Rxe8+ Kh7 30. Be3 Qc4 31. Bg5 Kg7 32. Be3 a5 33. Bd4+ Kh6 34. Re1 Bd3 35. Rh8+ Kg5 36. Re5+ f5 37. g3 Qa2 38. f4+ 1-0

[Event "Privolzhskogo FO-ch"]
[Site "Kazan"]
[Date "2009.01.24"]
[Round "4"]
[White "Vasenev, Sergey"]
[Black "Sadykov, Ramil"]
[Result "1/2-1/2"]
[WhiteElo "2312"]
[BlackElo "2143"]
[PlyCount "47"]
[EventDate "2009.01.21"]
[EventType "swiss"]
[EventRounds "9"]
[EventCountry "RUS"]
[SourceTitle "EXT 2010"]
[Source "ChessBase"]
[SourceDate "2010.11.25"]
[SourceVersion "1"]
[SourceVersionDate "2010.11.25"]
[SourceQuality "1"]

1. Nf3 Nf6 2. b3 e6 3. Bb2 b6 4. e3 Bb7 5. Be2 Be7 6. 0-0 0-0 7. d3 d5 8. c4 c5 9. Nbd2 Nbd7 10. Qc2 Qc7 11. Qc3 Rac8 12. a3 Qb8 13. b4 a6 14. Rab1 b5 15. Qb3 cxb4 16. axb4 bxc4 17. dxc4 dxc4 18. Bxc4 Bd5 19. Bxd5 Nxd5 20. e4 N5f6 21. Bxf6 Nxf6 22. Qa4 Qb5 23. Ra1 Qxb4 24. Qxa6 1/2-1/2

[Event "Nezhmetdinov Memorial 30th"]
[Site "Kazan"]
[Date "2008.06.08"]
[Round "8"]
[White "Vasenev, Sergey"]
[Black "Borisenko, Andrei"]
[Result "0-1"]
[WhiteElo "2313"]
[BlackElo "2429"]
[PlyCount "104"]
[EventDate "2008.06.01"]
[EventType "swiss"]
[EventRounds "9"]
[EventCountry "RUS"]
[SourceTitle "EXT 2009"]
[Source "ChessBase"]
[SourceDate "2008.11.26"]
[SourceVersion "1"]
[SourceVersionDate "2008.11.26"]
[SourceQuality "1"]

1. e4 e6 2. d4 d5 3. exd5 exd5 4. Bd3 c5 5. c3 Nf6 6. h3 Bd6 7. Nf3 0-0 8. 0-0 Nc6 9. Bg5 h6 10. Bh4 Be7 11. Nbd2 g5 12. Bg3 g4 13. hxg4 Bxg4 14. dxc5 Bxc5 15. Qa4 Qd7 16. Bb5 Qf5 17. Bxc6 bxc6 18. Qxc6 Rac8 19. Qa4 Bxf3 20. Nxf3 Ne4 21. Nd4 Qg5 22. Rad1 h5 23. Qd7 Nd2 24. Rfe1 Bxd4 25. cxd4 Ne4 26. Qh3 Rc2 27. Bh4 Qg4 28. Qh2 Nd2 29. Kh1 Kh7 30. Rc1 Rfc8 31. Rxc2 Rxc2 32. Bf6 Ne4 33. f3 Ng3+ 34. Kg1 Qg6 35. Bh4 Ne2+ 36. Kh1 Nxd4 37. Qg1 Rxb2 38. a4 Ra2 39. Ra1 Rc2 40. Rd1 Ne2 41. Qxa7 d4 42. Qe7 Nc3 43. Rg1 d3 44. Qd8 Ne2 45. Rd1 Nf4 46. Qg5 Nxg2 47. Qxg6+ Kxg6 48. Bd8 Nf4 49. Bb6 Ra2 50. a5 Kf5 51. Bc7 Nd5 52. Bd8 d2 0-1

[Event "Kazan Region-ch 6th"]
[Site "Kazan"]
[Date "2008.01.27"]
[Round "5"]
[White "Vasenev, Sergey"]
[Black "Jusupov, Tabris"]
[Result "1-0"]
[WhiteElo "2328"]
[BlackElo "2094"]
[PlyCount "63"]
[EventDate "2008.01.23"]
[EventType "swiss"]
[EventRounds "9"]
[EventCountry "RUS"]
[SourceTitle "CBM 122 Extra"]
[Source "ChessBase"]
[SourceDate "2008.03.04"]
[SourceVersion "1"]
[SourceVersionDate "2008.03.04"]
[SourceQuality "1"]

1. e4 c6 2. d4 d5 3. e5 Bf5 4. Nf3 Bg4 5. Nbd2 e6 6. h3 Bxf3 7. Nxf3 c5 8. dxc5 Bxc5 9. Bd3 Nd7 10. 0-0 Ne7 11. c3 Qc7 12. Qe2 Ng6 13. Re1 0-0 14. h4 Rfe8 15. h5 Ngf8 16. h6 Ng6 17. hxg7 Kxg7 18. Qd2 Bf8 19. Qh6+ Kg8 20. Qh5 Bg7 21. Ng5 Ndf8 22. f4 f6 23. Nxh7 Qf7 24. exf6 Bxf6 25. Nxf6+ Qxf6 26. Be3 Nxf4 27. Qg4+ N4g6 28. Rf1 Qg7 29. Rf3 e5 30. Bxg6 Nxg6 31. Rg3 Kh7 32. Qh5+ 1-0

[Event "Kazan Region-ch 6th"]
[Site "Kazan"]
[Date "2008.01.23"]
[Round "1"]
[White "Vasenev, Sergey"]
[Black "Pushin, Vladimir"]
[Result "0-1"]
[WhiteElo "2328"]
[BlackElo "2297"]
[PlyCount "82"]
[EventDate "2008.01.23"]
[EventType "swiss"]
[EventRounds "9"]
[EventCountry "RUS"]
[SourceTitle "CBM 122 Extra"]
[Source "ChessBase"]
[SourceDate "2008.03.04"]
[SourceVersion "1"]
[SourceVersionDate "2008.03.04"]
[SourceQuality "1"]

1. e4 c5 2. c3 d5 3. exd5 Qxd5 4. d4 Nf6 5. Nf3 e6 6. Na3 Be7 7. Be3 Ng4 8. Nb5 Na6 9. Qb3 Nxe3 10. fxe3 Qe4 11. Kf2 0-0 12. Rd1 cxd4 13. exd4 Bd7 14. Bd3 Qf4 15. Rhf1 Bc6 16. Kg1 Nc7 17. Nxc7 Qxc7 18. Ne5 Bd6 19. Rde1 Rae8 20. Qc2 g6 21. Ng4 f5 22. Ne5 Kg7 23. Qb3 a6 24. Qc2 b5 25. Qf2 Re7 26. Re3 Bd5 27. a3 Kg8 28. Qf4 Rg7 29. Qh6 Qb7 30. Rf2 Qe7 31. Be2 g5 32. Bf3 Bb3 33. g4 Bxe5 34. Rxe5 fxg4 35. Be4 Rxf2 36. Kxf2 Qf7+ 37. Kg1 Bc4 38. Kg2 Qf1+ 39. Kg3 Qe1+ 40. Kxg4 Qg1+ 41. Kf3 g4+ 0-1

[Event "Nezhmetdinov Memorial 28th"]
[Site "Kazan"]
[Date "2006.06.07"]
[Round "7"]
[White "Vasenev, Sergey"]
[Black "Alavkin, Arseny Nailievich"]
[Result "1-0"]
[WhiteElo "2327"]
[BlackElo "2485"]
[PlyCount "93"]
[EventDate "2006.06.01"]
[EventType "swiss"]
[EventRounds "9"]
[EventCountry "RUS"]
[SourceTitle "CBM 112 Extra"]
[Source "ChessBase"]
[SourceDate "2006.07.14"]
[SourceVersion "1"]
[SourceVersionDate "2006.07.14"]
[SourceQuality "1"]

1. e4 e6 2. d4 d5 3. e5 c5 4. c3 Nc6 5. Nf3 Bd7 6. a3 f6 7. Bd3 Qc7 8. Bf4 0-0-0 9. Bg3 Qb6 10. b4 c4 11. Bc2 f5 12. Ng5 Nh6 13. f4 Be7 14. Nd2 Bxg5 15. fxg5 Ng4 16. Qe2 Nxd4 17. cxd4 Qxd4 18. 0-0-0 Qa1+ 19. Nb1 c3 20. Bb3 Ne3 21. Rd3 Bb5 22. Rxc3+ Qxc3+ 23. Nxc3 Bxe2 24. Nxe2 Kd7 25. Kd2 Nc4+ 26. Bxc4 dxc4 27. Kc3 Ke7 28. Nf4 Kf7 29. Bf2 b5 30. a4 a6 31. Ra1 Ra8 32. axb5 axb5 33. Ra5 Rhc8 34. Bd4 h6 35. g6+ Ke7 36. Rxb5 Ra3+ 37. Kb2 Rb3+ 38. Kc2 Ra8 39. Ra5 Rxa5 40. bxa5 Kd7 41. a6 Ra3 42. a7 Kc6 43. Kb2 Ra4 44. Kc3 Kd7 45. g3 Ke7 46. Nh5 Kf8 47. Bc5+ 1-0

[Event "Nezhmetdinov Memorial 28th"]
[Site "Kazan"]
[Date "2006.06.05"]
[Round "5"]
[White "Vasenev, Sergey"]
[Black "Yaksin, Oleg"]
[Result "1-0"]
[WhiteElo "2327"]
[BlackElo "2198"]
[PlyCount "81"]
[EventDate "2006.06.01"]
[EventType "swiss"]
[EventRounds "9"]
[EventCountry "RUS"]
[SourceTitle "CBM 112 Extra"]
[Source "ChessBase"]
[SourceDate "2006.07.14"]
[SourceVersion "1"]
[SourceVersionDate "2006.07.14"]
[SourceQuality "1"]

1. e4 c5 2. c3 e6 3. d4 d5 4. e5 Nc6 5. Nf3 Qb6 6. a3 c4 7. g3 Bd7 8. Bh3 h6 9. Nbd2 Na5 10. 0-0 0-0-0 11. Re1 Kb8 12. Rb1 Qc7 13. Qc2 Ne7 14. Nf1 Qc8 15. N3d2 Nf5 16. Ne3 g6 17. Ng4 Be7 18. Nf6 Bxf6 19. exf6 e5 20. dxe5 d4 21. Bg2 d3 22. Qd1 Bc6 23. Bxc6 Qxc6 24. Qf3 Rd5 25. b4 cxb3 26. Nxb3 Nxb3 27. Rxb3 Ka8 28. Qf4 Re8 29. Bd2 Qc7 30. Rb4 Re6 31. Rc4 Qd7 32. g4 Nh4 33. Qg3 g5 34. f4 b5 35. Rce4 Qc7 36. fxg5 hxg5 37. Bxg5 Ng6 38. Rd4 Rdxe5 39. Rxe5 Rxe5 40. Qxd3 Re8 41. Qxb5 1-0

[Event "Privolzhskogo FO-ch"]
[Site "Izhevsk"]
[Date "2005.03.20"]
[Round "5"]
[White "Dudukin, Ilya"]
[Black "Vasenev, Sergey"]
[Result "1-0"]
[WhiteElo "2413"]
[BlackElo "2364"]
[PlyCount "95"]
[EventDate "2005.03.16"]
[EventType "swiss"]
[EventRounds "9"]
[EventCountry "RUS"]
[SourceTitle "CBM 105 Extra"]
[Source "ChessBase"]
[SourceDate "2005.05.01"]
[SourceVersion "1"]
[SourceVersionDate "2005.05.01"]
[SourceQuality "1"]

1. Nf3 Nf6 2. c4 e6 3. Nc3 d5 4. d4 c6 5. cxd5 exd5 6. Bg5 Bf5 7. Qb3 Qb6 8. Bxf6 gxf6 9. e3 Na6 10. Be2 Nb4 11. Rc1 Nc2+ 12. Kd2 Qxb3 13. axb3 Nb4 14. Nh4 Bd7 15. Bf3 Bd6 16. g3 f5 17. Ng2 Ke7 18. Nf4 Rhg8 19. Nh5 b5 20. Ra1 a5 21. Rhe1 Rgb8 22. Rec1 Be6 23. Nf4 Ra7 24. Rg1 Rg8 25. h3 h6 26. g4 Raa8 27. Nce2 Bc7 28. Nc1 Bxf4 29. exf4 fxg4 30. hxg4 h5 31. g5 h4 32. Ne2 Bf5 33. Bg4 Bc2 34. Kc3 Be4 35. f3 Bd3 36. Rh1 c5 37. Rae1 c4 38. Nc1+ Kd6 39. Rxh4 Rge8 40. Rh6+ Kc7 41. Re5 Bb1 42. bxc4 bxc4 43. Rf6 Bg6 44. f5 Bh7 45. Rxf7+ Kc6 46. Rxh7 Rxe5 47. dxe5 Kc5 48. f6 1-0

[Event "Privolzhskogo FO-ch"]
[Site "Izhevsk"]
[Date "2005.03.17"]
[Round "2"]
[White "Vasenev, Sergey"]
[Black "Frolyanov, Dmitry"]
[Result "0-1"]
[WhiteElo "2364"]
[BlackElo "2502"]
[PlyCount "70"]
[EventDate "2005.03.16"]
[EventType "swiss"]
[EventRounds "9"]
[EventCountry "RUS"]
[SourceTitle "CBM 105 Extra"]
[Source "ChessBase"]
[SourceDate "2005.05.01"]
[SourceVersion "1"]
[SourceVersionDate "2005.05.01"]
[SourceQuality "1"]

1. e4 c5 2. a3 e6 3. b4 cxb4 4. d4 Nf6 5. e5 Nd5 6. axb4 Bxb4+ 7. Bd2 0-0 8. c4 Bxd2+ 9. Nxd2 Nb4 10. Ne4 Qh4 11. Bd3 d5 12. Bb1 dxe4 13. g3 Qh6 14. Bxe4 N8c6 15. Nf3 f5 16. exf6 Qxf6 17. 0-0 a5 18. Qb1 g6 19. d5 exd5 20. cxd5 Ne7 21. Rd1 Bg4 22. Ra3 Qd6 23. Rd4 Bxf3 24. Bxf3 Nc2 25. Qxc2 Qxa3 26. Bg4 Nf5 27. Bxf5 Rxf5 28. d6 Qc5 29. Qb3+ Rf7 30. Rf4 Raf8 31. Qe6 Qc1+ 32. Kg2 Qc6+ 33. f3 Qd7 34. Qd5 Kg7 35. Re4 Qf5 0-1

[Event "RUS-Cup"]
[Site "Bor"]
[Date "2000.??.??"]
[Round "9"]
[White "Rozkov, Nikolai"]
[Black "Vasenev, Sergey"]
[Result "0-1"]
[WhiteElo "2316"]
[BlackElo "2255"]
[PlyCount "50"]
[EventDate "2000.06.??"]
[EventType "swiss"]
[EventRounds "9"]
[EventCountry "RUS"]
[SourceTitle "EXT 2001"]
[Source "ChessBase"]
[SourceDate "2000.11.22"]
[SourceVersion "1"]
[SourceVersionDate "2000.11.22"]
[SourceQuality "1"]

1. e4 c5 2. Nf3 d6 3. d4 cxd4 4. Nxd4 Nf6 5. Nc3 g6 6. Be3 Nc6 7. f3 e5 8. Nde2 Be6 9. Nd5 Bxd5 10. exd5 Qa5+ 11. Nc3 Nb8 12. Be2 Nbd7 13. 0-0 a6 14. f4 Bg7 15. fxe5 Nxe5 16. Bg5 Nfd7 17. Kh1 h6 18. Bh4 Qb4 19. Be1 Qb6 20. Ne4 f5 21. Nf2 0-0 22. b3 Rae8 23. Nh3 Ng4 24. Bxg4 Bxa1 25. Bf3 Be5 0-1

[Event "RUS-Cup"]
[Site "Bor"]
[Date "2000.??.??"]
[Round "3"]
[White "Virovlansky, Semen"]
[Black "Vasenev, Sergey"]
[Result "1-0"]
[WhiteElo "2418"]
[BlackElo "2255"]
[PlyCount "81"]
[EventDate "2000.06.??"]
[EventType "swiss"]
[EventRounds "9"]
[EventCountry "RUS"]
[SourceTitle "EXT 2001"]
[Source "ChessBase"]
[SourceDate "2000.11.22"]
[SourceVersion "1"]
[SourceVersionDate "2000.11.22"]
[SourceQuality "1"]

1. e4 c5 2. Nf3 e6 3. d4 cxd4 4. Nxd4 a6 5. Bd3 Qb6 6. Nb3 Qc7 7. 0-0 d6 8. f4 Nd7 9. Be3 Ngf6 10. N1d2 e5 11. Kh1 Be7 12. a4 0-0 13. a5 Re8 14. Nc4 d5 15. Nb6 Nxb6 16. axb6 Qd6 17. Bc5 Qe6 18. exd5 Nxd5 19. Bc4 Bxc5 20. Nxc5 Ne3 21. Nxe6 Nxd1 22. Ng5 Ne3 23. Bxf7+ Kf8 24. Bxe8 Nxf1 25. Rxf1 Kxe8 26. fxe5 Bd7 27. Nxh7 Ke7 28. Ng5 Be8 29. Nf3 Rc8 30. Nd4 Bg6 31. c3 Rc5 32. Re1 Ra5 33. h3 Ra2 34. Re2 a5 35. Kh2 a4 36. Kg3 Bh5 37. Rf2 Kd7 38. e6+ Ke8 39. Nf5 g6 40. Ng7+ Ke7 41. Rf7+ 1-0